| 000 | 00729nam a22001937a 4500 | ||
|---|---|---|---|
| 005 | 20251021121340.0 | ||
| 010 | _aHIN-129952 | ||
| 020 |
_a9789391546427 _c200.00 |
||
| 035 | _aHN-102298 | ||
| 037 | _bDBAD | ||
| 082 | _a821 | ||
| 100 |
_aजलेसरी,जीतू _985509 |
||
| 245 |
_aउम्र लगी है / _cजीतू जलेसरी |
||
| 260 |
_aनई दिल्ली _bशब्दाकुर प्रकाशक _c2022 |
||
| 270 |
_aजे-41,मदनगीर _bनई दिल्ली _e110062 |
||
| 300 |
_a127 पृ. _c17.2 सेमी (अजिल्द ) |
||
| 700 |
_aगाँधी, प्रेमचंद _983165 |
||
| 942 |
_2ddc _cHN _h821 _mजलेस |
||
| 999 |
_c213652 _d213652 |
||